000 01028nam0a22002771 4500
001 rc\260287
005 20030307121442.5
035 _a(NLR Aleph) 005533322
090 _a5632641
_c5632641
100 _a20030307d1990 u |0rusy50 ca
101 0 _arus
102 _aRU
105 _aa |||||||||
200 1 _aАдаптация ОС СР/М-80 для микроЭВМ vT 530
_dAdaptation of OC CP/M-80 for the microcomputer vT 53000
210 _aЕреван
_a[М.]
_cЦНИИ информ. и техн.-экон. исслед. по атом. науке и технике
_d1990
215 _a13 с.
_cсхем.
_d20
225 1 _aПрепринт
_fЕрев. физ. ин-т
_vЕФИ-1229(15)-90
300 _aЗагл. также: арм.
320 _aБиблиогр.: с. 13 (7 назв.)
510 0 _aAdaptation of OC CP/M-80 for the microcomputer vT 53000
700 1 _aАгабабян
_bА. Г.
801 0 _aRU
_bNLR
_gpsbo
801 1 _aRU
_bELAR
_2rusmarc
852 _aNLR
_j90-4/8259
942 _cBOOK
980 _aNB